Microsoft power point 2013 : (Record no. 78467)

MARC details
000 -LEADER
fixed length control field 01316nam a22003257a 4500
005 - DATE AND TIME OF LATEST TRANSACTION
control field 20170515103911.0
010 ## - LCCN (DPL NO)
LC control number ENG-108284
020 ## - INTERNATIONAL STANDARD BOOK NUMBER
Terms of availability 750.00
International Standard Book Number 9788120347571
035 ## - SYSTEM CONTROL NUMBER
System control number EN-91817
035 ## - SYSTEM CONTROL NUMBER
System control number B-663830
037 ## - SOURCE OF ACQUISITION
Source of stock number/acquisition DBAD/PUB
037 ## - SOURCE OF ACQUISITION
Source of stock number/acquisition Bookwell
Stock number dpl
082 ## - DEWEY DECIMAL CLASSIFICATION NUMBER
Classification number 005.58
100 ## - MAIN ENTRY--PERSONAL NAME
Personal name Cox, Joyce
245 ## - TITLE STATEMENT
Title Microsoft power point 2013 :
Statement of responsibility, etc by Joyce Cox [and] Joan Lambert
Remainder of title step by step /
246 ## - VARYING FORM OF TITLE
Title proper/short title Microsoft Power Point 2013
246 ## - VARYING FORM OF TITLE
Title proper/short title Step by step Microsoft PowerPoint 2013
246 ## - VARYING FORM OF TITLE
Title proper/short title PowerPoint 2013
246 ## - VARYING FORM OF TITLE
Title proper/short title Power Point 2013
260 ## - PUBLICATION, DISTRIBUTION, ETC. (IMPRINT)
Place of publication, distribution, etc Delhi
Name of publisher, distributor, etc PHI Learning
Date of publication, distribution, etc 2013
270 ## - ADDRESS
Address Rimjhim House , 111, Patparganj Industrial Estate,
City Delhi
Postal code 110092
300 ## - PHYSICAL DESCRIPTION
Extent xvi,460p. :
Dimensions 24cm(pbk)
Other physical details ill.
490 ## - SERIES STATEMENT
Series statement Step by step
500 ## - GENERAL NOTE
General note Includes index
520 ## - SUMMARY, ETC.
Summary, etc A guide to the presentation graphics program covers such topics as using ready-made templates, creating charts and graphs, adding animation and sound, and e-mailing presentations.
650 ## - SUBJECT ADDED ENTRY--TOPICAL TERM
Topical term or geographic name as entry element Presentation graphics software.
700 ## - ADDED ENTRY--PERSONAL NAME
Personal name Lambert, Joan
942 ## - ADDED ENTRY ELEMENTS (KOHA)
Source of classification or shelving scheme Dewey Decimal Classification
Item type English Books
Call number suffix COX
Classification part 005.58
Holdings
Withdrawn status Lost status Not for loan Collection code Home library Current library Date acquired Source of acquisition Cost, normal purchase price Full call number Barcode Copy number Cost, replacement price Koha item type
      Non-fiction Ashok Vihar Ashok Vihar 15/05/2017 BPPD/EN/2013-14/AV/16-17/362/15.2.2017/1034/25.2.2017/ 1.3.2017 750.00 005.58 COX B-663830 1 750.00 English Books
    Not For Loan Non-fiction D.B.Act.Division D.B.Act.Division 07/08/2013 DBAD/PUB 750.00 005.58 COX EN-91817 1 750.00 English Books

© Delhi Public Library
Hit Counter
free hit counter